Les 12 coups de midi | Coup fatal #9 - Statistiques

Statistiques générales
  • Ce quiz a été pris 241 fois
  • Le résultat moyen est 4 sur 15
Statistiques - réponses
Questions Réponses % Correct
Dans quel membre du corps humain se trouve le tibia ? jambe
98%
Selon l'expression, quel prénom féminin vient après "En voiture" ? Simone
85%
A quel animal l'adjectif "équin" se rapporte-t-il ? cheval
58%
Dans quel sport s'est illustré l'Américain Andre Agassi ? tennis
58%
Quel mot composé désigne une embuscade tendue à quelqu'un dans un endroit caché ? guet apens
43%
Quelle série de BD raconte les histoires d'un jeune esclave gaulois adopté par de riches Romains ? Alix
14%
A quel peintre France Gall rend-elle hommage dans une chanson de 1984 ? Cézanne
14%
Quel animateur a créé l'émission "Le Petit Rapporteur" ? Jacques Martin
12%
Quel roman de Jules Renard raconte les mésaventures du petit dernier de la famille Lepic ? Poil de Carotte
12%
Comment appelle-t-on une strophe de neuf vers ? neuvain
9%
Quel scientifique allemand est considéré comme le père de la génétique ? Gregor Mendel
3%
Qui a été le dernier relayeur de la Flamme olympique lors de son arrivée à Marseille ? Didier Drogba
2%
A quel architecte doit-on la "Maison dansante", située à Prague ? Frank Gerhry
1%
Qui a réalisé en 1984 "A mort l'arbitre" ? Jean-Pierre Mocky
1%
Qui présente le magazine consacré à nos amis les bêtes "En bonne compagnie" ? Sophie Davant
0%
Aucun quiz correspondant
Distribution des résultats
% des personnes avec chaque résultat
Percentile par nombre de réponses
Votre historique - résultats
Vous n’avez pas pris ce quiz